Sensitivity of detection of micro-objects in radiography of thick composite steel objects using a new source of microfocus bremsstrahlung based on a betatron; Technical Physics Letters; Vol. 49, No. 10
| Parent link: | Technical Physics Letters.— .— Saint Petersburg: Ioffe Institute Vol. 49, No. 10.— 2023.— P. 37-40 |
|---|---|
| 1. autor: | |
| Korporacja: | |
| Kolejni autorzy: | , |
| Streszczenie: | Title screen The possibility is shown and the sensitivity of detecting microobjects in the radiography of thick steel objects using microfocus (13 µm) bremsstrahlung of a new source based on a betatron with an electron energy of 18 MeV is evaluated. The image contrast and resolution of a pair of thin (48 µm) Duplex IQI wires are demonstrated, which is the basis for determining the sensitivity of microobject detection. Текстовый файл |
| Język: | angielski |
| Wydane: |
2023
|
| Hasła przedmiotowe: | |
| Dostęp online: | https://journals.ioffe.ru/articles/57055 Статья на русском языке |
| Format: | MixedMaterials Elektroniczne Rozdział |
| KOHA link: | https://koha.lib.tpu.ru/cgi-bin/koha/opac-detail.pl?biblionumber=673615 |
MARC
| LEADER | 00000naa0a2200000 4500 | ||
|---|---|---|---|
| 001 | 673615 | ||
| 005 | 20250403134135.0 | ||
| 090 | |a 673615 | ||
| 100 | |a 20240708d2023 k||y0rusy50 ba | ||
| 101 | 0 | |a eng | |
| 135 | |a drcn ---uucaa | ||
| 181 | 0 | |a i |b e | |
| 182 | 0 | |a b | |
| 183 | 0 | |a cr |2 RDAcarrier | |
| 200 | 1 | |a Sensitivity of detection of micro-objects in radiography of thick composite steel objects using a new source of microfocus bremsstrahlung based on a betatron |f M. M. Rychkov, V. V. Kaplin, V. A. Smolyanskiy |d Чувствительность обнаружения микрообъектов при радиографии толстых стальных объектов с использованием нового источника микрофокусного тормозного излучения на основе бетатрона |z rus | |
| 203 | |a Текст |c электронный |b визуальный | ||
| 283 | |a online_resource |2 RDAcarrier | ||
| 300 | |a Title screen | ||
| 320 | |a References: 9 tit. | ||
| 330 | |a The possibility is shown and the sensitivity of detecting microobjects in the radiography of thick steel objects using microfocus (13 µm) bremsstrahlung of a new source based on a betatron with an electron energy of 18 MeV is evaluated. The image contrast and resolution of a pair of thin (48 µm) Duplex IQI wires are demonstrated, which is the basis for determining the sensitivity of microobject detection. | ||
| 336 | |a Текстовый файл | ||
| 461 | 1 | |t Technical Physics Letters |c Saint Petersburg |n Ioffe Institute | |
| 463 | 1 | |t Vol. 49, No. 10 |v P. 37-40 |d 2023 | |
| 610 | 1 | |a электронный ресурс | |
| 610 | 1 | |a труды учёных ТПУ | |
| 610 | 1 | |a betatron | |
| 610 | 1 | |a electron beam | |
| 610 | 1 | |a bremsstrahlung | |
| 610 | 1 | |a radiography | |
| 700 | 1 | |a Rychkov |b M. M. |c physicist |c Head of the laboratory of Tomsk Polytechnic University, Candidate of technical sciences |f 1977- |g Maksim Mikhailovich |9 16251 | |
| 701 | 1 | |a Kaplin |b V. V. |c physicist |c senior research fellow at Tomsk Polytechnic University |f 1947- |g Valery Viktorovich |9 15693 | |
| 701 | 1 | |a Smolyanskiy |b V. A. |c Specialist in the field of instrument engineering |c Researcher, Tomsk Polytechnic University, Candidate of Technical Sciences |f 1991- |g Vladimir Aleksandrovich |9 20730 | |
| 712 | 0 | 2 | |a National Research Tomsk Polytechnic University |4 570 |9 27197 |
| 801 | 0 | |a RU |b 63413507 |c 20240708 |g RCR | |
| 856 | 4 | |u https://journals.ioffe.ru/articles/57055 |z https://journals.ioffe.ru/articles/57055 | |
| 856 | 4 | |u http://dx.doi.org/10.61011/PJTF.2023.19.56273.19583 |z Статья на русском языке | |
| 942 | |c CF | ||